[Event "FIN-chT 1718"]
[Site "Finland"]
[Date "2017.10.21"]
[Round "3.5"]
[White "Topi Hulmi, Teemu"]
[Black "Westerinen, Heikki MJ"]
[Result "1-0"]
[WhiteElo "2217"]
[BlackElo "2310"]
[PlyCount "63"]
[EventDate "2017.09.16"]
[EventType "team-tourn"]
[EventRounds "11"]
[EventCountry "FIN"]
[SourceTitle "EXT 2019"]
[Source "ChessBase"]
[SourceDate "2018.10.10"]
[SourceVersion "1"]
[SourceVersionDate "2018.10.10"]
[SourceQuality "1"]
[WhiteTeam "Turku TuTS"]
[BlackTeam "Salo SalSK"]
[WhiteTeamCountry "FIN"]
[BlackTeamCountry "FIN"]

1. e4 e5 2. Nf3 Nc6 3. Bc4 Be7 4. 0-0 Nf6 5. Re1 0-0 6. Nc3 d6 7. h3 Be6 8. Bxe6 fxe6 9. d4 exd4 10. Nxd4 Qd7 11. Be3 Rad8 12. Qe2 Nxd4 13. Bxd4 c5 14. Be3 d5 15. exd5 exd5 16. Rad1 Qc6 17. Bg5 Rd7 18. Qd3 Rfd8 19. Rxe7 Rxe7 20. Bxf6 gxf6 21. Nxd5 Kh8 22. c4 Re6 23. Qc3 b5 24. b3 b4 25. Qb2 Rde8 26. Ne3 Rd6 27. Nd5 Ree6 28. Rd3 Re1+ 29. Kh2 Rde6 30. Qd2 Kg7 31. Rg3+ Kh8 32. Qh6 1-0

[Event "FIN-chT 1617"]
[Site "Finland"]
[Date "2017.03.10"]
[Round "9.6"]
[White "Topi Hulmi, Teemu"]
[Black "Jarvenpaa, Jari"]
[Result "1-0"]
[WhiteElo "2207"]
[BlackElo "2268"]
[PlyCount "83"]
[EventDate "2016.09.17"]
[EventType "team-tourn"]
[EventRounds "11"]
[EventCountry "FIN"]
[SourceTitle "EXT 2018"]
[Source "ChessBase"]
[SourceDate "2017.10.13"]
[SourceVersion "1"]
[SourceVersionDate "2017.10.13"]
[SourceQuality "1"]
[WhiteTeam "Turku TuTS"]
[BlackTeam "Salo SalSK"]
[WhiteTeamCountry "FIN"]
[BlackTeamCountry "FIN"]

1. d4 d5 2. c4 dxc4 3. Nf3 Nf6 4. e3 a6 5. Bxc4 b5 6. Bb3 Bb7 7. 0-0 e6 8. Qe2 c5 9. dxc5 Bxc5 10. Rd1 Qc7 11. Nbd2 0-0 12. Nf1 Ne4 13. Ng3 Nxg3 14. hxg3 Nc6 15. Bd2 Rfd8 16. Rac1 Qb6 17. Ng5 Be7 18. Nxf7 Rf8 19. Bxe6 Rxf7 20. Bc3 Nd8 21. Bxf7+ Nxf7 22. Qg4 Bf6 23. Bxf6 Qxf6 24. Rc7 Nh6 25. Qd7 Be4 26. Rc8+ Rxc8 27. Qxc8+ Kf7 28. Rd7+ Kg6 29. Qe8+ Kf5 30. g4+ Kxg4 31. Qxe4+ Kh5 32. Rd5+ g5 33. Qf3+ Qxf3 34. gxf3 Nf7 35. Rd7 Ne5 36. Rxh7+ Kg6 37. Ra7 Nxf3+ 38. Kh1 Kf5 39. Rxa6 Ke4 40. Rb6 Kd3 41. Rxb5 Ke2 42. Kg2 1-0

[Event "Turku We TuTS"]
[Site "Turku"]
[Date "2016.12.04"]
[Round "4"]
[White "Topi Hulmi, Teemu"]
[Black "Norri, Roger"]
[Result "1-0"]
[WhiteElo "2220"]
[BlackElo "1885"]
[PlyCount "53"]
[EventDate "2016.12.02"]
[EventType "swiss"]
[EventRounds "5"]
[EventCountry "FIN"]
[SourceTitle "EXT 2022"]
[Source "ChessBase"]
[SourceDate "2021.10.06"]
[SourceVersion "1"]
[SourceVersionDate "2021.10.06"]
[SourceQuality "1"]

1. e4 e5 2. Nf3 Nc6 3. Bb5 a6 4. Ba4 Nf6 5. 0-0 b5 6. Bb3 Be7 7. Re1 d6 8. c3 0-0 9. h3 Na5 10. Bc2 c5 11. d4 Qc7 12. Nbd2 Nc6 13. d5 Na5 14. Nf1 b4 15. cxb4 cxb4 16. Bd2 Qb7 17. Bd3 Bd7 18. a3 Rfc8 19. Bxb4 Nc4 20. Qe2 a5 21. Bc3 Bb5 22. b3 Nb6 23. Bxb5 Rxc3 24. Bc6 Rxc6 25. dxc6 Qxc6 26. Rac1 Qd7 27. N1d2 1-0

[Event "Turku We TuTS"]
[Site "Turku"]
[Date "2016.12.02"]
[Round "1"]
[White "Uusi Oukari, Seppo"]
[Black "Topi Hulmi, Teemu"]
[Result "1-0"]
[WhiteElo "1919"]
[BlackElo "2220"]
[PlyCount "135"]
[EventDate "2016.12.02"]
[EventType "swiss"]
[EventRounds "5"]
[EventCountry "FIN"]
[SourceTitle "EXT 2022"]
[Source "ChessBase"]
[SourceDate "2021.10.06"]
[SourceVersion "1"]
[SourceVersionDate "2021.10.06"]
[SourceQuality "1"]

1. d4 d5 2. Nf3 Nf6 3. c4 c6 4. cxd5 cxd5 5. Nc3 Nc6 6. e3 e6 7. Bd3 Bd6 8. 0-0 0-0 9. Re1 Be7 10. Bd2 a6 11. Rc1 Bd7 12. e4 dxe4 13. Nxe4 Qb6 14. Ne5 Rad8 15. Nc4 Qc7 16. Re3 Bc8 17. Nxf6+ Bxf6 18. Bxh7+ Kxh7 19. Qh5+ Kg8 20. Rh3 Bh4 21. Rxh4 f6 22. Be3 Qd7 23. Qh7+ Kf7 24. Rg4 Rg8 25. Bh6 e5 26. Rxg7+ Rxg7 27. Qxg7+ Ke6 28. Qxd7+ Bxd7 29. dxe5 Nxe5 30. Nxe5 Kxe5 31. g3 Bc6 32. h4 Bf3 33. Kf1 Kf5 34. Ke1 Rd7 35. Be3 Kg6 36. Bd2 Re7+ 37. Kf1 Rd7 38. Ke1 Re7+ 39. Be3 Rd7 40. a4 Rd6 41. a5 Rd7 42. b4 Rd8 43. Bd2 Kf5 44. Rc5+ Ke4 45. h5 Rd5 46. h6 Rd7 47. Rc4+ Ke5 48. Rh4 Be4 49. Bc3+ Kd5 50. f3 Bh7 51. Rd4+ Ke6 52. Rxd7 Kxd7 53. Bxf6 Ke6 54. Bg7 Kf5 55. Kd2 Bg8 56. Ke3 Kg6 57. Kf4 Bc4 58. Ke5 Kf7 59. f4 Be2 60. f5 Bd1 61. Kf4 Bc2 62. g4 Bd3 63. Bd4 Kg8 64. g5 Kh7 65. Bg7 Bc4 66. g6+ Kg8 67. Bd4 Bd5 68. h7+ 1-0

[Event "FIN-chT 1516"]
[Site "Finland"]
[Date "2016.03.13"]
[Round "11.3"]
[White "Nyysti, Sampsa"]
[Black "Topi Hulmi, Teemu"]
[Result "1/2-1/2"]
[WhiteElo "2355"]
[BlackElo "2250"]
[PlyCount "41"]
[EventDate "2015.09.12"]
[EventType "team-tourn"]
[EventRounds "11"]
[EventCountry "FIN"]
[SourceTitle "EXT 2017"]
[Source "ChessBase"]
[SourceDate "2016.10.25"]
[SourceVersion "1"]
[SourceVersionDate "2016.10.25"]
[SourceQuality "1"]
[WhiteTeam "Helsinki Velhot"]
[BlackTeam "Turku TuTS"]
[WhiteTeamCountry "FIN"]
[BlackTeamCountry "FIN"]

1. c4 c6 2. Nf3 Nf6 3. e3 d5 4. b3 Bf5 5. Bb2 e6 6. Be2 Nbd7 7. 0-0 Bd6 8. cxd5 exd5 9. d3 Qc7 10. Nbd2 0-0 11. Re1 h6 12. Bf1 Rfe8 13. Qc2 Bg6 14. a3 a5 15. Bc3 Qb6 16. Qb2 Bf8 17. b4 axb4 18. axb4 Rxa1 19. Rxa1 Qc7 20. Ra2 Nh7 21. h3 1/2-1/2

[Event "FIN-chT 1516"]
[Site "Finland"]
[Date "2015.11.06"]
[Round "9.3"]
[White "Topi Hulmi, Teemu"]
[Black "Kiik, Kalle"]
[Result "0-1"]
[WhiteElo "2250"]
[BlackElo "2389"]
[PlyCount "110"]
[EventDate "2015.09.12"]
[EventType "team-tourn"]
[EventRounds "11"]
[EventCountry "FIN"]
[SourceTitle "EXT 2017"]
[Source "ChessBase"]
[SourceDate "2016.10.25"]
[SourceVersion "1"]
[SourceVersionDate "2016.10.25"]
[SourceQuality "1"]
[WhiteTeam "Turku TuTS"]
[BlackTeam "Salo SalSK"]
[WhiteTeamCountry "FIN"]
[BlackTeamCountry "FIN"]

1. e4 c5 2. Nc3 a6 3. a4 e6 4. g3 Nc6 5. Bg2 Nf6 6. Nge2 d6 7. d4 cxd4 8. Nxd4 Bd7 9. 0-0 Be7 10. Nxc6 Bxc6 11. Bf4 0-0 12. Qd2 Ng4 13. Rfd1 Ne5 14. Ne2 g5 15. Bxe5 dxe5 16. Qe3 Qa5 17. Nc1 Rad8 18. Nd3 Qc7 19. b3 Rd7 20. Rd2 Rfd8 21. Kh1 h6 22. f3 Bb4 23. Re2 Bc3 24. Rf1 Bd4 25. Qc1 f6 26. Nb4 Bc3 27. Na2 Bd2 28. Qb2 Qb6 29. Qa3 a5 30. Nc1 Bb4 31. Qb2 Rd2 32. Rxd2 Rxd2 33. Nd3 Qe3 34. Nxb4 Qe2 35. Rg1 axb4 36. Qb1 Rxc2 37. Qd1 Qxd1 38. Rxd1 Rb2 39. Bh3 f5 40. Rd8+ Kf7 41. exf5 Bxf3+ 42. Kg1 g4 43. Bf1 exf5 44. Bc4+ Ke7 45. Rh8 Rg2+ 46. Kf1 Rxh2 47. Rh7+ Kd6 48. Rc7 Be4 49. a5 h5 50. a6 bxa6 51. Bxa6 h4 52. gxh4 g3 53. Rg7 f4 54. Bb7 Bxb7 55. Rxb7 f3 0-1